000 00808nam a2200253Ia 4500
003 OSt
005 20220923222618.0
006 a|||||r|||| 00| 0
007 ta
008 220922b |||||||| |||| 00| 0 hin d
024 _a206,524
037 _cTextual
040 _aARTS
_cARTS
_bhin
041 _2hin
_ahin
082 _aO152,6:g, M7
100 _aवर्मा, वीरपाल
_9156318
245 0 _aहिन्दी - रिपोर्ताज
246 _aHindī - riportāja
260 _aमुजफ्फर नगर
_b कुसुम प्रका0
_c1987
300 _a12]124पृ.
_ccm.
650 _aहिन्दी साहित्य
_9156264
942 _hO152,6:g, M7
_cTEXL
_2CC
999 _c357166
_d357166